00746 2200229 4500001002100000005001500021035002500036090001700061245012500078260005400203300002400257008004100281082001500322084001500337650004500352710004600397040001700443850001200460041000800472990001800480990001800498YOGYA00000000004713420181102090552 a0010-081400000046852 aL 332.21 KIS aKisah perdjalanan propaganda Direktur Bank Tabungan Pos di Djawa dan Madura /cIndonesia. Kantor Pusat Bank Tabungan Pos3 aDjakarta :bKantor Pusat Bank Tabungan Pos,c1956 a24 halaman ;c24 cm181102 g 0 ind 04223a332.21 a332.21 KIS 4aTabungan--xPropaganda--zDjawa - Madura aIndonesia. Kantor Pusat Bank Tabungan Pos aYOPDYOGbind aYOPDYOG0 aind a40697-PD/A.09 a40697-PD/A.09